000
00251nam a2200097Ia 4500
001
690438
005
20250826161816.0
008
250824s9999 xx 000 0 und d
245
0
_a
YEŞİL
_c
MURAT YILDIRIM CEMALETTİN EMEÇ
260
_b
TİMAŞ YAYINLARI
999
_c
690438
_d
690438